000
00257nam a22001097a 4500
008
240711b |||||||| |||| 00| 0 eng d
100
_a
Tabya, Tulsidas
_9
16891
245
_a
Ramayan
260
_b
Tulsidas Jalriya Pub;
_c
1968.
300
_a
936p.
942
_c
BK
999
_c
40046
_d
40046